People Who Lived in the 20th Century - Sudden Death - Statistics

General Stats
  • This quiz has been taken 53 times
  • The average score is 14 of 21
Answers on the Grid
Answers color-coded by a green-red scale on the quiz's grid according to % correct below.
Pablo Picasso
Thomas Edison
Archduke Franz Ferdinand
Mustafa Kemal Atatürk
Marie Curie
Neymar
Emma Watson
Mahatma Gandhi
Roald Amundsen
F. Scott Fitzgerald
Sigmund Freud
Vladimir Lenin
Mark Twain
Virginia Woolf
Justin Bieber
Theodore Roosevelt
Leo Tolstoy
Mao Zedong
Ho Chi Minh
Harriet Tubman
Mother Teresa
Vincent van Gogh
Emily Brontë
Charles Dickens
Charles Darwin
Alfred Nobel
Edgar Allan Poe
Prince George of Wales
Greta Thunberg
Karl Marx
 
Answer Stats
Answer % Correct
1869-1948 Mahatma Gandhi
88%
1881-1973 Pablo Picasso
85%
1856-1939 Sigmund Freud
83%
1890-1969 Ho Chi Minh
80%
1893-1976 Mao Zedong
80%
1870-1924 Vladimir Lenin
80%
1910-1997 Mother Teresa
78%
1858-1919 Theodore Roosevelt
78%
1863-1914 Archduke Franz Ferdinand
75%
1867-1934 Marie Curie
73%
1990- Emma Watson
68%
1994- Justin Bieber
65%
1896-1940 F. Scott Fitzgerald
60%
1872-1928 Roald Amundsen
60%
1992- Neymar
58%
1881-1938 Mustafa Kemal Atatürk
55%
1847-1931 Thomas Edison
55%
1882-1941 Virginia Woolf
48%
1828-1910 Leo Tolstoy
40%
1835-1910 Mark Twain
30%
1822-1913 Harriet Tubman
25%
No matching quizzes found
Score Distribution
Percent of People with Each Score
Percentile by Number Answered
Your Score History
You have not taken this quiz